000 00673cam a22002293a 4500
001 40127
003 PGUSA
005 20140828083908.0
008 120702s2012||||xxu|||||s|||||000 | eng d
040 _aPGUSA
_beng
042 _adc
245 1 0 _aJoe Miller's Jests, or The Wits Vade-Mecum
_h[electronic resource]
260 _bProject Gutenberg,
_c2012
500 _aTranscription of original 1739 edition.
506 _aPublic domain in the USA.
516 _aElectronic text
700 1 _aMottley, John,
_d1692-1750
700 1 _aMiller, Joseph,
_d1684-1738
830 0 _aProject Gutenberg
_v40127
856 4 0 _uhttp://www.gutenberg.org/ebooks/40127
942 _cEB
999 _c269380
_d269380